000 00431pab a2200145 454500
008 180718b1988 xxu||||| |||| 00| 0 eng d
100 _aGopalakrishna Kumar
245 _aOn prices and economic power
_bExplaining recent changes in inter - sectoral relations in the Indian economy
260 _c1988
300 _a25-42
362 _aOct.
650 _aPrices - India
773 _aJournal of Development Studies
909 _a16371
999 _c16371
_d16371